000 00274nam a2200109Ia 4500
001 588930
005 20250717120839.0
008 250717s9999 xx 000 0 und d
245 0 _aY-8 YENİ OKUL YENİ MACERA
_cMERYEM UÇAR
260 _bERDEM YAYINLARI
_c2018
300 _b126
999 _c588930
_d588930